Combinatorics /

Guardado en:
Autor Principal: Vilenkin, N. IA.
Formato: Libro
Idioma:English
Russian
Publicado: New York : Academic Press, 1971.
Materias:
Etiquetas: Agregar Etiqueta
Sin Etiquetas, Sea el primero en etiquetar este registro!
LEADER 00742cam a2200229 a 4500
001 MAT.inmabb005782
008 710831s1971####nyua##########001#0#eng##
005 20150630182648.0
245 1 0 |a Combinatorics /  |c [by] N. Ya. Vilenkin. Translated by A. Shenitzer and S. Shenitzer. 
260 |a New York :  |b Academic Press,  |c 1971. 
300 |a xiii, 296 p. :  |b il. ;  |c 24 cm. 
500 |a Traducción de: Kombinatorika. 
510 4 |a MR,  |c 46 #5133 
020 |a 0127219404 
100 1 |a Vilenkin, N. IA.  |q (Naum IAkovlevich) 
240 1 0 |a Kombinatorika.  |l Inglés 
650 0 |a Combinatorial analysis. 
084 |a 05-01  |2 msc2000 
010 |a  77154369  
040 |a DLC  |c DLC  |d ICU  |d DLC 
041 1 |a eng  |h rus 
859 |h 05  |i V699i  |p A-4154  |b BIB. MATEMATICA